[Event "Moscow op-B 04th"]
[Site "Moscow"]
[Date "2008.02.02"]
[Round "1"]
[White "Andreev, Nikita"]
[Black "Dvornicen, Ivan"]
[Result "1-0"]
[WhiteElo "2168"]
[BlackElo "1826"]
[PlyCount "91"]
[EventDate "2008.02.02"]
[EventType "swiss"]
[EventRounds "9"]
[EventCountry "RUS"]
[SourceTitle "CBM 122 Extra"]
[Source "ChessBase"]
[SourceDate "2008.03.04"]
[SourceVersion "1"]
[SourceVersionDate "2008.03.04"]
[SourceQuality "1"]

1. e4 e6 2. d4 d5 3. Nd2 c5 4. dxc5 Bxc5 5. Nb3 Nf6 6. Nxc5 Qa5+ 7. c3 Qxc5 8. exd5 Qxd5 9. Qxd5 Nxd5 10. Bc4 Nb6 11. Bb3 0-0 12. Be3 Bd7 13. Ne2 Ba4 14. 0-0 Bxb3 15. axb3 Nc6 16. Nd4 Nxd4 17. Bxd4 f6 18. Rfd1 Rfd8 19. Bxb6 axb6 20. Rxa8 Rxa8 21. g3 Ra2 22. Rd8+ Kf7 23. Rd7+ Kg6 24. Rxb7 Rxb2 25. Rxb6 Kf5 26. b4 e5 27. Rb7 Kg4 28. Kg2 g5 29. Rxh7 e4 30. h3+ Kf5 31. Kf1 Ke5 32. Re7+ Kd5 33. g4 Rb3 34. Rc7 Rb2 35. Rc5+ Kd6 36. Rf5 Ke7 37. b5 Ke6 38. Rc5 Ke7 39. Rc7+ Kd8 40. Rc5 Ke7 41. c4 Rb3 42. Rc7+ Kd6 43. Rc6+ Ke5 44. b6 Rxh3 45. b7 Rb3 46. Rc5+ 1-0

[Event "Moscow-ch U18"]
[Site "Moscow"]
[Date "2007.12.??"]
[Round "2"]
[White "Andreev, Nikita"]
[Black "Markevich, Arseniy"]
[Result "1-0"]
[WhiteElo "2168"]
[BlackElo "2037"]
[PlyCount "107"]
[EventDate "2007.11.17"]
[EventType "swiss"]
[EventRounds "9"]
[EventCountry "RUS"]
[SourceTitle "EXT 2022"]
[Source "ChessBase"]
[SourceDate "2021.10.06"]
[SourceVersion "1"]
[SourceVersionDate "2021.10.06"]
[SourceQuality "1"]

1. e4 e6 2. d4 d5 3. Nd2 Nf6 4. e5 Ne4 5. Ngf3 c5 6. c3 Nc6 7. Bd3 Nxd2 8. Bxd2 Qb6 9. Rc1 c4 10. Bb1 Qxb2 11. Ng5 Be7 12. Nxh7 Bd7 13. Ng5 Qb6 14. Qf3 0-0-0 15. 0-0 Rdf8 16. Nh7 Rfg8 17. Qxf7 Qd8 18. Qg6 Ba3 19. Rce1 Ne7 20. Qg3 Qe8 21. Qf3 Ng6 22. Qh5 Nf8 23. Qxe8+ Bxe8 24. Nxf8 Bxf8 25. f4 g6 26. Be3 b5 27. Bc2 a5 28. Rb1 Rh7 29. a4 bxa4 30. Ra1 a3 31. Bc1 Rb7 32. Bxa3 Bxa3 33. Rxa3 Ra7 34. Re1 Rgg7 35. Rea1 Rgb7 36. Rxa5 Rxa5 37. Rxa5 Rb2 38. Ra8+ Kb7 39. Rxe8 Rxc2 40. Re7+ Kc8 41. Rxe6 Rxc3 42. Rd6 Rc1+ 43. Kf2 Rc2+ 44. Kg3 Rc3+ 45. Kg4 Rc2 46. Kh3 Rc3+ 47. g3 Rc1 48. Rxd5 c3 49. e6 c2 50. e7 Re1 51. Rc5+ Kd7 52. Rxc2 Kxe7 53. Rc6 Rd1 54. Rxg6 1-0

[Event "Moscow Petrosian Memorial U18"]
[Site "Moscow"]
[Date "2007.01.??"]
[Round "1"]
[White "Andreev, Nikita"]
[Black "Kavakdere, Ali"]
[Result "1-0"]
[WhiteElo "2182"]
[BlackElo "2035"]
[PlyCount "75"]
[EventDate "2007.01.??"]
[EventType "swiss"]
[EventRounds "9"]
[EventCountry "RUS"]
[SourceTitle "EXT 2008"]
[Source "ChessBase"]
[SourceDate "2007.11.25"]
[SourceVersion "1"]
[SourceVersionDate "2007.11.25"]
[SourceQuality "1"]

1. e4 e5 2. Nf3 Nc6 3. Bc4 Bc5 4. c3 Nf6 5. d3 d6 6. b4 Bb6 7. 0-0 h6 8. a4 a5 9. b5 Ne7 10. Na3 Bg4 11. h3 Bh5 12. Ba2 Qd7 13. Nc4 Bc5 14. Be3 Bxe3 15. Nxe3 Nh7 16. g4 Bg6 17. Nf5 0-0-0 18. b6 Bxf5 19. bxc7 Qxc7 20. exf5 Nc6 21. Qb3 Rhf8 22. Rab1 Nf6 23. Rfe1 Nd7 24. d4 Kb8 25. Re2 Ka7 26. Reb2 Rb8 27. Qb5 Nf6 28. Qc4 Rbc8 29. Rb5 exd4 30. Nxd4 Nxd4 31. Qxd4+ Ka8 32. Bd5 Nxd5 33. Qxd5 Qc6 34. Qd4 Qxc3 35. Qb6 Qc6 36. Qxa5+ Kb8 37. Rb6 Qd7 38. Ra6 1-0

[Event "Moscow Petrosian Memorial U18"]
[Site "Moscow"]
[Date "2007.01.??"]
[Round "5"]
[White "Andreev, Nikita"]
[Black "Talybov, Shukiur"]
[Result "1-0"]
[WhiteElo "2182"]
[BlackElo "1893"]
[PlyCount "51"]
[EventDate "2007.01.??"]
[EventType "swiss"]
[EventRounds "9"]
[EventCountry "RUS"]
[SourceTitle "EXT 2008"]
[Source "ChessBase"]
[SourceDate "2007.11.25"]
[SourceVersion "1"]
[SourceVersionDate "2007.11.25"]
[SourceQuality "1"]

1. e4 c5 2. c3 d5 3. exd5 Qxd5 4. d4 cxd4 5. cxd4 Nc6 6. Nf3 Nf6 7. Nc3 Qa5 8. d5 Nb4 9. Bc4 Bd7 10. 0-0 g6 11. a3 Na6 12. Ne5 Bg7 13. Bg5 Nb8 14. b4 Qb6 15. d6 e6 16. Na4 Qd8 17. Nc5 h6 18. Bxf6 Qxf6 19. Re1 Qf5 20. Nexd7 Nxd7 21. Bb5 Rd8 22. Bxd7+ Rxd7 23. Qa4 e5 24. Rac1 Kd8 25. Nxd7 Qxd7 26. Qxa7 1-0

[Event "Moscow Petrosian Memorial U18"]
[Site "Moscow"]
[Date "2007.01.??"]
[Round "6"]
[White "Panov, Stanislav"]
[Black "Andreev, Nikita"]
[Result "1-0"]
[WhiteElo "2147"]
[BlackElo "2182"]
[PlyCount "81"]
[EventDate "2007.01.??"]
[EventType "swiss"]
[EventRounds "9"]
[EventCountry "RUS"]
[SourceTitle "EXT 2008"]
[Source "ChessBase"]
[SourceDate "2007.11.25"]
[SourceVersion "1"]
[SourceVersionDate "2007.11.25"]
[SourceQuality "1"]

1. e4 e5 2. Nc3 Bc5 3. Nf3 d6 4. Bc4 Nc6 5. 0-0 Nf6 6. d3 Bg4 7. h3 Be6 8. Nd5 Bxd5 9. exd5 Ne7 10. Bg5 h6 11. Bxf6 gxf6 12. d4 Bb6 13. Qd3 Qd7 14. Bb5 c6 15. dxc6 bxc6 16. Ba4 Rg8 17. Kh1 0-0-0 18. Rad1 Qc7 19. c4 exd4 20. Nxd4 Bxd4 21. Qxd4 Rg6 22. Rfe1 Rd7 23. Bc2 f5 24. Qh4 Re6 25. Rxe6 fxe6 26. Qxh6 Qb6 27. Qxe6 Qxf2 28. Ba4 Kc7 29. Qf6 Qe2 30. Qd4 Nc8 31. a3 Re7 32. Qc3 Re5 33. b4 Nb6 34. Bb3 Nd7 35. Qd4 Re6 36. Qxa7+ Kd8 37. Qa8+ Kc7 38. b5 Ne5 39. c5 d5 40. b6+ Kd7 41. Rxd5+ 1-0